Najlepsi Piłkarze w Historii Krajów wg ChatGPT cz.1 - Statystyki

Ogólne statystyki
  • Ten quiz został rozwiązany 123 razy
  • Średni wynik to 8 z 20
Statystyki odpowiedzi
Reprezentacja GOAT % Poprawnych
Argentyna Diego Maradona
89%
Ghana Abedi Pele
76%
Chorwacja Luka Modric
76%
Brazylia Pele
76%
Egipt Mohamed Salah
75%
Kamerun Samuel Eto'o
52%
Holandia Johan Cruyff
51%
Francja Michel Platini
51%
Hiszpania Andres Iniesta
47%
Czechy Pavel Nedved
46%
Anglia Bobby Charlton
45%
Dania Michael Laudrup
34%
Japonia Hidetoshi Nakata
20%
Kolumbia Carlos Valderrama
18%
Czechosłowacja Josef Masopust
6%
Chile Marcelo Salas
6%
Korea Południowa Hong Myung-bo
5%
Jugosławia Dragan Dzajic
4%
Austria Matthias Sindelar
4%
Belgia Jan Ceulemans
2%
Nie znaleziono quizów pasujących do podanych kryteriów
Rozkład punktacji
Procent ludzi z każdym wynikiem
Percentyl według liczby udzielonych odpowiedzi
Twoja historia wyników
Nie rozwiązałeś tego quizu